Staging queer feminisms : sexuality and gender in Australian performance, 2005-2015 /

Bibliographic Details
Main Author: French, Sarah (Author)
Format: Book
Language:English
Published: New York : Palgrave Macmillan, [2017]
Series:Contemporary performance interactions.
Subjects:

MARC

Tag First Indicator Second Indicator Subfields
LEADER 00000cam a2200000 i 4500
001 in00003813629
005 20170926131220.0
008 161207t20172017enka b 001 0 eng d
020 |a 1137465425  |q hardback 
020 |a 9781137465429  |q hardback 
020 |z 9781137465436  |q electronic book 
035 |a (OCoLC)ocn988757833 
040 |a YDX  |e rda  |c YDX  |d QCL  |d TXA  |d UtOrBLW 
043 |a u-at--- 
049 |a TXAM 
082 0 |a 792/.0994  |2 23 
090 |a PN3011.5  |b .F74 2017 
100 1 |a French, Sarah,  |e author.  |0 http://id.loc.gov/authorities/names/n2003011627 
245 1 0 |a Staging queer feminisms :  |b sexuality and gender in Australian performance, 2005-2015 /  |c Sarah French. 
264 1 |a New York :  |b Palgrave Macmillan,  |c [2017] 
264 4 |c ©2017 
300 |a ix, 263 pages :  |b illustrations ;  |c 22 cm. 
336 |a text  |b txt  |2 rdacontent 
336 |a still image  |b sti  |2 rdacontent 
337 |a unmediated  |b n  |2 rdamedia 
338 |a volume  |b nc  |2 rdacarrier 
490 1 |a Contemporary performance interactions 
504 |a Includes bibliographical references (pages 235-251) and index. 
650 0 |a Gender identity in the theater  |z Australia  |y 21st century. 
650 0 |a Sex in art.  |0 http://id.loc.gov/authorities/subjects/sh85120626 
650 0 |a Theater  |z Australia  |y 21st century. 
776 0 8 |i Online version:  |a French, Sarah.  |t Staging queer feminisms.  |d London : This Palgrave Macmillan imprint is published by Springer Nature, [2017]  |z 9781137465436  |w (OCoLC)982487124 
830 0 |a Contemporary performance interactions.  |0 http://id.loc.gov/authorities/names/no2015020427 
945 |a PromptCat 
948 |a cataloged  |b h  |c 2017/6/27  |d c  |e dmitchel  |f 3:10:20 pm 
994 |a C0  |b TXA 
999 f f |s b0a1982b-8fe7-3448-8af0-2bd5e332a2a8  |i 853694c2-ea8f-331f-bf7a-f77ebc794142  |t 0 
952 f f |p normal  |a Texas A&M University  |b College Station  |c Sterling C. Evans Library  |d Evans: Library Stacks  |t 0  |e PN3011.5 .F74 2017  |h Library of Congress classification  |i unmediated -- volume  |m A14850170557 
998 f f |a PN3011.5 .F74 2017  |t 0  |l Evans: Library Stacks